000 00832nam a22001817a 4500
999 _c63245
_d63245
003 Ge_BSU
005 20250703111251.0
008 250703s1986 ge ||||| |||| 00| 0 geo d
041 _ageo
080 _a338.26 მ-58
100 _aმესხია, ი
_925607
245 _aგანვითარებული სოციალისტური ეკონომიკის დაგეგმვისა და მართვის სრულყოფის ამოცანები /
_cი.მესხია
264 _aთბილისი :
_bსაბჭ. საქართველო,
_c1986.
300 _a135გვ. ;
_b16 სმ.
653 _aეკონომიკის დაგეგმვა
653 _aეკონომიკის მართვა.
942 _2udc
_cᲬᲘᲒᲜᲘ